So you're single! / (Record no. 6484)
[ view plain ]
| 000 -LEADER | |
|---|---|
| fixed length control field | 00712cam a2200253Ia 4500 |
| 001 - CONTROL NUMBER | |
| control field | 4747098 |
| 003 - CONTROL NUMBER IDENTIFIER | |
| control field | OCoLC |
| 005 - DATE AND TIME OF LATEST TRANSACTION | |
| control field | 20190116205041.0 |
| 008 - FIXED-LENGTH DATA ELEMENTS--GENERAL INFORMATION | |
| fixed length control field | 790315s1978 ilu b 000 0 eng d |
| 010 ## - LIBRARY OF CONGRESS CONTROL NUMBER | |
| LC control number | 78053012 |
| 020 ## - INTERNATIONAL STANDARD BOOK NUMBER | |
| International Standard Book Number | 0877887721 |
| 040 ## - CATALOGING SOURCE | |
| Original cataloging agency | TXS |
| Transcribing agency | TXS |
| Modifying agency | MCB |
| -- | OCL |
| -- | DAY |
| 082 ## - DEWEY DECIMAL CLASSIFICATION NUMBER | |
| Classification number | 301.4 |
| Item number | C613S |
| 090 ## - LOCALLY ASSIGNED LC-TYPE CALL NUMBER (OCLC); LOCAL CALL NUMBER (RLIN) | |
| Classification number (OCLC) (R) ; Classification number, CALL (RLIN) (NR) | HQ800.2 |
| Local cutter number (OCLC) ; Book number/undivided call number, CALL (RLIN) | .C55 1979 |
| 100 1# - MAIN ENTRY--PERSONAL NAME | |
| Personal name | Clarkson, E. Margaret |
| Fuller form of name | (Edith Margaret), |
| Dates associated with a name | 1915-2008 |
| 245 10 - TITLE STATEMENT | |
| Title | So you're single! / |
| Statement of responsibility, etc. | Margaret Clarkson |
| 260 ## - PUBLICATION, DISTRIBUTION, ETC. | |
| Place of publication, distribution, etc. | Wheaton, Ill. : |
| Name of publisher, distributor, etc. | Harold Shaw, |
| Date of publication, distribution, etc. | 1979, c1978 |
| 300 ## - PHYSICAL DESCRIPTION | |
| Extent | 167 p. ; |
| Dimensions | 22 cm |
| 504 ## - BIBLIOGRAPHY, ETC. NOTE | |
| Bibliography, etc. note | Inludes bibliographical references (p. 167) |
| 650 #0 - SUBJECT ADDED ENTRY--TOPICAL TERM | |
| Topical term or geographic name entry element | Single women |
| 650 #0 - SUBJECT ADDED ENTRY--TOPICAL TERM | |
| Topical term or geographic name entry element | Christian life |
| 650 #0 - SUBJECT ADDED ENTRY--TOPICAL TERM | |
| Topical term or geographic name entry element | Chastity |
| 942 ## - ADDED ENTRY ELEMENTS (KOHA) | |
| Source of classification or shelving scheme | Dewey Decimal Classification |
| Koha item type | Books |
| Withdrawn status | Lost status | Source of classification or shelving scheme | Damaged status | Not for loan | Collection code | Home library | Current library | Shelving location | Date acquired | Cost, normal purchase price | Total Checkouts | Full call number | Barcode | Date last seen | Price effective from | Koha item type |
|---|---|---|---|---|---|---|---|---|---|---|---|---|---|---|---|---|
| Dewey Decimal Classification | Non-fiction | Harvest Mission College | Harvest Mission College | General Stacks | 16.01.2019 | 1500.00 | 301.4 C613S | 006973 | 16.01.2019 | 16.01.2019 | Books |
